Introduction to solid state physics / (Record no. 71732)
[ view plain ]
| 000 -LEADER | |
|---|---|
| fixed length control field | 00748nam a2200253 a 4500 |
| 001 - CONTROL NUMBER | |
| control field | 71732 |
| 003 - CONTROL NUMBER IDENTIFIER | |
| rucl marc code | BD-RjUL |
| 005 - DATE AND TIME OF LATEST TRANSACTION | |
| control field | 20250928115200.0 |
| 008 - FIXED-LENGTH DATA ELEMENTS--GENERAL INFORMATION | |
| fixed length control field | 170507s1976 ii a b 001 0 eng d |
| 020 ## - INTERNATIONAL STANDARD BOOK NUMBER | |
| International Standard Book Number | 0852264690 |
| 035 ## - SYSTEM CONTROL NUMBER | |
| System control number | (BD-RjUL)71948 |
| 040 ## - CATALOGING SOURCE | |
| Original cataloging agency | DLC |
| Transcribing agency | DLC |
| Modifying agency | DLC |
| -- | BD-RjUL |
| Language of cataloging | eng |
| 041 ## - LANGUAGE CODE | |
| Language code of text/sound track or separate title | eng |
| 082 00 - DEWEY DECIMAL CLASSIFICATION NUMBER | |
| Edition number | 23 |
| Classification number | 530.41 |
| Author mark and year | KII 1976 |
| 100 1# - MAIN ENTRY--PERSONAL NAME | |
| Personal name | Kittel, Charles. |
| 9 (RLIN) | 26819 |
| 245 10 - TITLE STATEMENT | |
| Title | Introduction to solid state physics / |
| Statement of responsibility, etc. | Charles Kittel. |
| 250 ## - EDITION STATEMENT | |
| Edition statement | 5th ed. |
| 260 ## - PUBLICATION, DISTRIBUTION, ETC. (IMPRINT) | |
| Place of publication, distribution, etc. | New York ; |
| -- | New Delhi ; |
| Name of publisher, distributor, etc. | Wiley, |
| Date of publication, distribution, etc. | c1976, [reprint 1979,1984,1985] |
| 300 ## - PHYSICAL DESCRIPTION | |
| Pagination | XIII, 599 p. : |
| Illustrations | ill. ; |
| Size | 25 cm. |
| 504 ## - BIBLIOGRAPHY, ETC. NOTE | |
| Bibliography, etc | Includes bibliographies and index. |
| 650 #0 - SUBJECT ADDED ENTRY--TOPICAL TERM | |
| Topical term or geographic name as entry element | Solid state physics. |
| 9 (RLIN) | 23918 |
| 942 ## - ADDED ENTRY ELEMENTS (KOHA) | |
| Source of classification or shelving scheme | Dewey Decimal Classification |
| Koha item type | Books |
| Lost status | Source of classification or shelving scheme | Damaged status | Not for loan | Collection code | Permanent Location | Current Location | Shelving location | Date acquired | Total Checkouts | Full call number | Date last seen | Copy number | Koha item type | Source of acquisition | Cost, normal purchase price |
|---|---|---|---|---|---|---|---|---|---|---|---|---|---|---|---|
| Dewey Decimal Classification | Not For Loan | Non-fiction | Central Library, University of Rajshahi | Central Library, University of Rajshahi | Reading Room | 07/05/2017 | 530.41 KII 1984 | 07/05/2017 | C-1 | Books | |||||
| Dewey Decimal Classification | Non-fiction | Central Library, University of Rajshahi | Central Library, University of Rajshahi | 17/07/1983 | 530.41 KII 1979 | 07/05/2017 | C-2 | Books | Mirza books agency | 126.00 | |||||
| Dewey Decimal Classification | Non-fiction | Central Library, University of Rajshahi | Central Library, University of Rajshahi | 23/09/1977 | 530.41 KII 1976 | 10/10/2018 | C-3 | Books | USSIS Dhaka | 30.00 | |||||
| Dewey Decimal Classification | Non-fiction | Central Library, University of Rajshahi | Central Library, University of Rajshahi | 07/07/1983 | 530.41 KII 1979 | 27/02/2019 | C-4 | Books | Ali garh library, rajshahi | 126.00 | |||||
| Dewey Decimal Classification | Non-fiction | Central Library, University of Rajshahi | Central Library, University of Rajshahi | 17/07/1983 | 530.41 KII 1976 | 22/12/2019 | C-5 | Books | Aligarth Library , Rajshahi | 126.00 | |||||
| Dewey Decimal Classification | Non-fiction | Central Library, University of Rajshahi | Central Library, University of Rajshahi | 17/07/1983 | 530.41 KII 1976 | 14/09/2021 | C-6 | Books | Alighar Library | 126.00 | |||||
| Dewey Decimal Classification | Non-fiction | Central Library, University of Rajshahi | Central Library, University of Rajshahi | General Stacks | 09/09/2024 | 530.41 KII 1976 | 28/09/2025 | C-7 | Books | Author |